[Event "ITA-ch 81st"]
[Site "Cagliari"]
[Date "2022.11.14"]
[Round "3"]
[White "Basso, Pier Luigi"]
[Black "Di Benedetto, Edoardo"]
[Result "1-0"]
[WhiteElo "2503"]
[BlackElo "2378"]
[PlyCount "82"]
[EventDate "2022.11.12"]
[EventType "tourn"]
[EventRounds "11"]
[EventCountry "ITA"]
[EventCategory "9"]
[SourceTitle "CBM 211 Extra"]
[Source "ChessBase"]
[SourceDate "2023.01.31"]
[SourceVersion "1"]
[SourceVersionDate "2023.01.31"]
[SourceQuality "1"]

1. e4 e6 2. d4 d5 3. Nc3 Nf6 4. e5 Nfd7 5. f4 c5 6. Nf3 Nc6 7. Be3 a6 8. a3 b5 9. Bd3 Qb6 10. 0-0 cxd4 11. Bf2 Bc5 12. Na2 a5 13. b4 axb4 14. axb4 Nxb4 15. Nxb4 Rxa1 16. Qxa1 Bxb4 17. Rb1 Bc3 18. Qxc3 dxc3 19. Bxb6 Nxb6 20. Rxb5 Nd7 21. Rb3 0-0 22. Rxc3 Rd8 23. Kf2 Nf8 24. Rc7 Bd7 25. Ke3 Ra8 26. Kd4 Ra4+ 27. Ke3 h6 28. g3 g6 29. Rb7 Kg7 30. Rb8 Ra7 31. Kd4 Rc7 32. g4 Ba4 33. Rb2 Nd7 34. f5 gxf5 35. gxf5 exf5 36. Nh4 Nc5 37. Nxf5+ Kh7 38. Ne3+ Nxd3 39. cxd3 Rd7 40. Rb6 h5 41. h4 Kg8 1-0

[Event "Wch U20 59th"]
[Site "Cala Gonone"]
[Date "2022.10.15"]
[Round "5"]
[White "Di Benedetto, Edoardo"]
[Black "Blohberger, Felix"]
[Result "0-1"]
[WhiteElo "2396"]
[BlackElo "2493"]
[PlyCount "98"]
[EventDate "2022.10.12"]
[EventType "swiss"]
[EventRounds "11"]
[EventCountry "ITA"]
[SourceTitle "CBM 210 Extra"]
[Source "ChessBase"]
[SourceDate "2022.11.30"]
[SourceVersion "1"]
[SourceVersionDate "2022.11.30"]
[SourceQuality "1"]

1. d4 d5 2. c4 e6 3. Nf3 c6 4. e3 Nf6 5. Nc3 a6 6. b3 Bb4 7. Bd2 Nbd7 8. Bd3 0-0 9. 0-0 Bd6 10. h3 e5 11. cxd5 cxd5 12. dxe5 Nxe5 13. Nxe5 Bxe5 14. Rc1 Bb8 15. Ne2 Qd6 16. Ng3 Bd7 17. Bc3 Re8 18. Bxf6 Qxf6 19. Qh5 g6 20. Qxd5 Bc6 21. Ne4 Qe7 22. Rxc6 bxc6 23. Qxc6 Rd8 24. Bc4 Kg7 25. f4 Ra7 26. f5 Qe5 27. fxg6 hxg6 28. Qf6+ Qxf6 29. Nxf6 Rd2 30. a4 a5 31. Ne4 Rc2 32. Ng5 Re7 33. e4 Ba7+ 34. Kh1 Be3 35. Nf3 Rc7 36. Bd5 Rc1 37. Nh2 R7c3 38. g3 Bd4 39. Bc4 Be5 40. Rxc1 Rxc1+ 41. Nf1 Bxg3 42. Kg2 Be5 43. Kf3 Rc3+ 44. Kg4 f6 45. Bd5 Kh6 46. Bc4 Bc7 47. Bd5 Rc2 48. Kf3 Bb6 49. Bc4 Kg5 0-1

[Event "Mitropa Cup"]
[Site "Corte"]
[Date "2022.05.06"]
[Round "7.4"]
[White "Di Benedetto, Edoardo"]
[Black "Frank, Adam"]
[Result "1/2-1/2"]
[WhiteElo "2407"]
[BlackElo "2327"]
[PlyCount "95"]
[EventDate "2022.04.30"]
[EventType "team-tourn"]
[EventRounds "9"]
[EventCountry "FRA"]
[SourceTitle "CBM 208 Extra"]
[Source "ChessBase"]
[SourceDate "2022.07.31"]
[SourceVersion "1"]
[SourceVersionDate "2022.07.31"]
[SourceQuality "1"]
[WhiteTeam "Italy"]
[BlackTeam "Czech Republic"]
[WhiteTeamCountry "ITA"]
[BlackTeamCountry "CZE"]

1. d4 Nf6 2. c4 g6 3. g3 Bg7 4. Bg2 d6 5. Nf3 0-0 6. 0-0 Nc6 7. Nc3 Bf5 8. Nh4 Bd7 9. b3 a6 10. Bb2 Rb8 11. d5 Na5 12. Ne4 Nxe4 13. Bxg7 Kxg7 14. Bxe4 c5 15. f4 b5 16. Bd3 bxc4 17. bxc4 e6 18. dxe6 Bxe6 19. Qd2 f5 20. Qc3+ Kg8 21. Rab1 Qc7 22. Nf3 Nc6 23. Ng5 Qe7 24. a3 h6 25. Nf3 Qg7 26. Qxg7+ Kxg7 27. Kf2 Kf6 28. Nd2 Na5 29. e4 Nc6 30. Rfe1 Nd4 31. Ke3 Bd7 32. Rxb8 Rxb8 33. Rb1 Rxb1 34. Nxb1 fxe4 35. Bxe4 Bf5 36. Nc3 Nc2+ 37. Kd3 Nxa3 38. Nd5+ Ke6 39. Bxf5+ gxf5 40. Ne3 h5 41. Kc3 Nb1+ 42. Kc2 Na3+ 43. Kb3 Nb5 44. cxb5 axb5 45. Nc2 Kd5 46. Na3 Kc6 47. Nc2 Kd5 48. Na3 1/2-1/2

[Event "ITA-ch U20 80th"]
[Site "Chianciano Terme"]
[Date "2021.12.07"]
[Round "4"]
[White "Di Benedetto, Edoardo"]
[Black "Loiacono, Leonardo"]
[Result "1-0"]
[WhiteElo "2406"]
[BlackElo "2295"]
[PlyCount "143"]
[EventDate "2021.12.04"]
[EventType "tourn"]
[EventRounds "7"]
[EventCountry "ITA"]
[EventCategory "1"]
[SourceTitle "CBM 205 Extra"]
[Source "ChessBase"]
[SourceDate "2022.01.31"]
[SourceVersion "1"]
[SourceVersionDate "2022.01.31"]
[SourceQuality "1"]

1. d4 d5 2. c4 e6 3. Nf3 Nf6 4. g3 Bb4+ 5. Bd2 Bd6 6. Bg2 0-0 7. 0-0 b6 8. cxd5 exd5 9. Nc3 Bb7 10. Nb5 Be7 11. Bf4 Na6 12. Ne5 c6 13. Nc3 Nc7 14. Qa4 b5 15. Qd1 Ne6 16. Bh3 a6 17. Be3 Nxd4 18. Bxd4 c5 19. Rc1 cxd4 20. Qxd4 Qd6 21. Rfd1 Bd8 22. Nf3 Bb6 23. Qf4 Qe7 24. Nd4 g6 25. Qg5 Kh8 26. e3 Rfe8 27. Nce2 Ne4 28. Qxe7 Rxe7 29. Nf4 Nf6 30. Bg2 Rc7 31. Rxc7 Bxc7 32. Nb3 Rd8 33. Nc5 Ba8 34. Nxa6 Bd6 35. Nxd5 Bxd5 36. Bxd5 Be5 37. Bf3 Rc8 38. Rd2 g5 39. h3 h5 40. g4 hxg4 41. hxg4 Rc4 42. b3 Rc1+ 43. Kg2 Kg7 44. Nb4 Bc3 45. Rc2 Rxc2 46. Nxc2 b4 47. a3 bxa3 48. Nxa3 Nd7 49. Nc2 Ne5 50. b4 Nd3 51. b5 Ne1+ 52. Nxe1 Bxe1 53. b6 Ba5 54. b7 Bc7 55. Bd5 Kg6 56. Bc4 Kf6 57. Kf3 Bb8 58. Ke4 Bc7 59. f4 gxf4 60. exf4 Bb8 61. Kf3 Ke7 62. Bd3 Bc7 63. g5 Bb8 64. f5 Bc7 65. g6 fxg6 66. fxg6 Kf6 67. Ke3 Bh2 68. Kd4 Ke6 69. Bb5 Bg1+ 70. Kc4 Bh2 71. Be8 Bg3 72. g7 1-0

[Event "ITA-chT Final 52nd"]
[Site "Montesilvano"]
[Date "2021.09.25"]
[Round "1.4"]
[White "Di Benedetto, Edoardo"]
[Black "Dvirnyy, Danyyil"]
[Result "0-1"]
[WhiteElo "2412"]
[BlackElo "2488"]
[PlyCount "104"]
[EventDate "2021.09.25"]
[EventType "team-tourn"]
[EventRounds "3"]
[EventCountry "ITA"]
[SourceTitle "CBM 204 Extra"]
[Source "ChessBase"]
[SourceDate "2021.11.30"]
[SourceVersion "1"]
[SourceVersionDate "2021.11.30"]
[SourceQuality "1"]
[WhiteTeam "Montebelluna Master"]
[BlackTeam "Padova Obiettivo"]
[WhiteTeamCountry "ITA"]
[BlackTeamCountry "ITA"]

1. d4 Nf6 2. c4 e6 3. Nc3 Bb4 4. e3 0-0 5. Bd3 d5 6. cxd5 exd5 7. Nge2 Re8 8. 0-0 Bd6 9. Nf4 c6 10. f3 b6 11. g4 Na6 12. Kh1 Nb4 13. Bb1 Bxf4 14. exf4 c5 15. a3 Nc6 16. dxc5 Ba6 17. Bd3 Bxd3 18. Qxd3 bxc5 19. g5 Nh5 20. Qxd5 Nd4 21. Qxd8 Raxd8 22. b4 Nb3 23. Ra2 cxb4 24. axb4 Rc8 25. Ne2 Rxe2 26. Rxe2 Nxc1 27. Re7 a6 28. Rd1 g6 29. Rdd7 Nd3 30. h4 Ndxf4 31. Rxf7 Rc1+ 32. Kh2 Rc2+ 33. Kg1 Re2 34. Rxf4 Nxf4 35. Rd8+ Kf7 36. Rd7+ Re7 37. Rd6 Ne6 38. Rxa6 Rb7 39. Ra4 Nd4 40. Kg2 Nc6 41. Ra6 Nxb4 42. Rf6+ Kg7 43. Rd6 Rc7 44. Kg3 Nc6 45. Kg4 Ne7 46. Rd4 Nf5 47. Ra4 Rc4+ 48. Rxc4 Ne3+ 49. Kf4 Nxc4 50. Ke4 h5 51. gxh6+ Kxh6 52. Kd4 Nd6 0-1

[Event "Online Olym Div2 B"]
[Site "Chess.com INT"]
[Date "2021.09.04"]
[Round "9.4"]
[White "Di Benedetto, Edoardo"]
[Black "Golubovskis, Maksims"]
[Result "1-0"]
[WhiteElo "2412"]
[BlackElo "2210"]
[PlyCount "55"]
[EventDate "2021.09.02"]
[EventType "team (rapid)"]
[EventRounds "9"]
[EventCountry "USA"]
[SourceTitle "CBM 204 Extra"]
[Source "ChessBase"]
[SourceDate "2021.11.30"]
[SourceVersion "1"]
[SourceVersionDate "2021.11.30"]
[SourceQuality "1"]
[WhiteTeam "Italy"]
[BlackTeam "Latvia"]
[WhiteTeamCountry "ITA"]
[BlackTeamCountry "LAT"]

1. d4 Nf6 2. c4 c5 3. d5 b5 4. cxb5 a6 5. e3 axb5 6. Bxb5 Qa5+ 7. Nc3 Bb7 8. Bd2 Qb6 9. Nf3 Nxd5 10. Nxd5 Bxd5 11. a4 e6 12. 0-0 Be7 13. Bc3 0-0 14. Nd2 Qb7 15. Qg4 f6 16. h4 e5 17. e4 Be6 18. Bc4 Qc6 19. a5 f5 20. exf5 Bxc4 21. Bxe5 Bf6 22. Bxf6 Qxf6 23. Qxc4+ Kh8 24. Qxc5 Na6 25. Qd5 Qxh4 26. Nf3 Qb4 27. Ne5 Qb5 28. Qxb5 1-0